Formule 1 - Radios mythiques - Statistiques

Statistiques générales
  • Ce quiz a été pris 29 fois
  • Le résultat moyen est 8 sur 15
Statistiques - réponses
Radio Indices Réponse % Correct
"I am stupid...I am stupid..." Azerbaïdjan (2019) Charles Leclerc
100%
"That was a smoooooth operatooor!!! Smoooooth operatiooon!!" Hongrie (2019) Carlos Sainz
88%
"I have the seat full of water! Like, full of water!”"Must be the water” "Let's add that to the words of wisdom" Australie (2025) Charles Leclerc
88%
"It's Friday then…it's Saturday, Sunday…what?!!!" Italie (2020) Lando Norris
76%
"We dreamed alone but together we believed.What started out as a leap of faith turned into a journey into the history books." Abu Dhabi (2024) Lewis Hamilton
60%
"GP2 engine! GP2!" Japon (2015) Fernando Alonso
56%
"Is anyone else reporting rain? I think it’s sweat from the inside of my helmet.”“I suspect it might be the sweat.” Espagne (2023) George Russell
48%
"Alpine still managed to f**k me over all these years later, huh" Autriche (2025) Oscar Piastri
48%
"Woah! There's a giant lizard on the track!""Face-to-face with Godzilla then mate!?" Singapour (2016) Max Verstappen
44%
"Fernando is faster than you." Allemagne (2010) Felipe Massa
40%
"Just leave me alone, I know what I'm doing!" Abu Dhabi (2012) Kimi Räikkönen
36%
"There's something loose between my legs...Apart from the obvious!" Brésil (2018) Sebastian Vettel
36%
“I’m going to pee in your seat!” Monaco (2017) Jenson Button
28%
"Good weather for...A duck!" Canada (2023) Valtteri Bottas
20%
"Oh deer!" Autriche (2001) Juan Pablo Montoya
4%
Aucun quiz correspondant
Distribution des résultats
% des personnes avec chaque résultat
Percentile par nombre de réponses
Votre historique - résultats
Vous n’avez pas pris ce quiz